Pokémon - Les attaques de Gringolem - Statistiques

Statistiques générales
  • Ce quiz a été pris 12 fois
  • Le résultat moyen est 10 sur 16
Statistiques - réponses
Niveaux Types Noms des attaques % Correct
Niveau 12 Spectre Poing Ombre
100%
Niveau 52 Sol Séisme
100%
Niveau 36 Spectre Ball'Ombre
86%
Départ Sol Coud'Boue
86%
Niveau 56 Combat Dynamo-Poing
86%
Niveau 16 Spectre Malédiction
86%
Départ Spectre Étonnement
71%
Niveau 4 Normal Boul'Armure
57%
Niveau 28 Acier Mur de Fer
57%
Niveau 24 Sol Trépignement
57%
Niveau 44 Spectre Hantise
43%
Niveau 48 Combat Marto-Poing
43%
Niveau 20 Spectre Ombre Nocturne
43%
Niveau 40 Acier Tacle Lourd
43%
Niveau 8 Normal Écras'Face
29%
Niveau 32 Normal Ultimapoing
29%
Aucun quiz correspondant
Distribution des résultats
% des personnes avec chaque résultat
Percentile par nombre de réponses
Votre historique - résultats
Vous n’avez pas pris ce quiz